[Event "London Classic Superrapid"]
[Site "London ENG"]
[Date "2016.12.18"]
[Round "9.19"]
[White "Fodor, Tamas Jr."]
[Black "Cox, John J"]
[Result "1-0"]
[WhiteTitle "GM"]
[BlackTitle "IM"]
[WhiteElo "2494"]
[BlackElo "2320"]
[WhiteFideId "723762"]
[BlackFideId "401064"]
[EventDate "2016.12.17"]

1. d4 Nf6 2. c4 e6 3. Nc3 Bb4 4. Qc2 c5 5. dxc5 Bxc5 6. Nf3 Qb6 7. e3 Qc7 8. a3
b6 9. Bd3 Bb7 10. O-O a6 11. e4 Nc6 12. h3 Nd4 13. Nxd4 Bxd4 14. Ne2 Bc5 15. Bf4
e5 16. Bd2 O-O 17. Ng3 Rfe8 18. Bc3 Rac8 19. Nf5 b5 20. cxb5 axb5 21. Qe2 Re6
22. Ng3 d5 23. exd5 Nxd5 24. Qc2 g6 25. Rae1 Nxc3 26. Qxc3 Qb6 27. Qb3 Bd4 28.
Re2 Bc6 29. Kh1 Rce8 30. Ne4 h6 31. f3 Kg7 32. Rc1 f5 33. Nc3 Qb7 34. Nxb5 Bxf3
35. Nxd4 Qxb3 36. Nxb3 Bxe2 37. Bxe2 Rb6 38. Rc3 Reb8 39. Bd1 e4 40. Kg1 f4 41.
Bc2 e3 42. Kf1 Kf6 43. Ke2 g5 44. a4 h5 45. a5 Rd6 46. Bd3 g4 47. hxg4 hxg4 48.
a6 Rd7 49. Be4 Rg8 50. Bc6 Re7 51. Nc5 Rd8 52. Nd3 Kg5 53. Rc2 Rc8 54. Rc5+ Kh4
55. Nxf4 Kg3 56. Nd3 Rf8 57. Rc3 Kh2 58. b4 g3 59. Bf3 Rxf3 60. Kxf3 e2 61. Ne1
Kg1 62. Rc1 Kh2 63. Ra1 Rd7 64. a7 1-0

[Event "London Classic Superrapid"]
[Site "London ENG"]
[Date "2016.12.18"]
[Round "9.20"]
[White "Batchelor, Peter J"]
[Black "Iturrizaga Bonelli, Eduardo"]
[Result "0-1"]
[WhiteTitle "FM"]
[BlackTitle "GM"]
[WhiteElo "2365"]
[BlackElo "2652"]
[WhiteFideId "424854"]
[BlackFideId "3901211"]
[EventDate "2016.12.17"]

1. Nf3 c5 2. c4 g6 3. d4 cxd4 4. Nxd4 Nc6 5. Nc3 Bg7 6. Nc2 Bxc3+ 7. bxc3 Qa5 8.
Bd2 b6 9. g3 Ba6 10. Ne3 Rc8 11. Bg2 Ne5 12. O-O Nxc4 13. Nxc4 Bxc4 14. Be3 Nf6
15. Qd4 O-O 16. Rfe1 Be6 17. Qb4 Qxb4 18. cxb4 Rc4 19. Reb1 Bd5 20. Bg5 Bxg2 21.
Kxg2 Nd5 22. Rb2 f6 23. Bd2 Rfc8 24. a4 Rc2 25. Raa2 Rxb2 26. Rxb2 Rc4 27. f3 f5
28. e3 Kf7 29. Kf2 e5 30. Ke2 e4 31. h3 Ke6 32. g4 Nc3+ 33. Bxc3 Rxc3 34. gxf5+
gxf5 35. fxe4 fxe4 36. a5 b5 37. h4 a6 38. h5 Ke5 39. Kd2 Rc6 40. Rb1 Kd5 41.
Rg1 Kc4 42. Rg7 Rd6+ 43. Ke2 h6 44. Rg6 Rc6 0-1

[Event "London Classic Superrapid"]
[Site "London ENG"]
[Date "2016.12.18"]
[Round "9.21"]
[White "Powierski, Emil"]
[Black "Smirin, Ilia"]
[Result "0-1"]
[BlackTitle "GM"]
[WhiteElo "2317"]
[BlackElo "2669"]
[WhiteFideId "4656199"]
[BlackFideId "2801990"]
[EventDate "2016.12.17"]

1. e4 g6 2. d4 Bg7 3. Nc3 d6 4. f4 Nf6 5. Nf3 O-O 6. e5 dxe5 7. fxe5 Nd5 8. Bc4
Nb6 9. Bb3 Nc6 10. a4 Na5 11. Ba2 Bg4 12. Ne4 Nxa4 13. Bb1 b5 14. b3 Bf5 15.
bxa4 Bxe4 16. axb5 c5 17. bxc6 Nxc6 18. Be3 Nb4 19. c4 Bxb1 20. Rxb1 a5 21. O-O
Qc7 22. Qe2 Rfc8 23. Rbc1 a4 24. Ng5 Rf8 25. Qg4 Qc8 26. Qh4 h5 27. Ne4 Qg4 28.
Qxg4 hxg4 29. Nf2 a3 30. Nxg4 a2 31. Bd2 Nd3 32. Ra1 Rfb8 33. Rfd1 Nb2 34. Rdc1
Ra4 35. Ne3 Nd3 36. Rd1 Nxe5 37. dxe5 Bxe5 38. Kf2 Bxa1 39. Rxa1 Rb1 40. Bc3 Ra3
41. Bd4 Rd3 42. Rxa2 Rxd4 43. Rc2 Rb3 44. Nd5 Kf8 45. g3 e6 46. Nf4 Rb4 47. c5
Rdc4 48. Rxc4 Rxc4 49. Nd3 Rc2+ 50. Ke3 Rxh2 51. Kd4 Ke7 52. c6 Rd2 53. c7 Kd7
54. Ke3 Rxd3+ 0-1

[Event "London Classic Superrapid"]
[Site "London ENG"]
[Date "2016.12.18"]
[Round "9.22"]
[White "Hebden, Mark L"]
[Black "Duncan, Chris R"]
[Result "1-0"]
[WhiteTitle "GM"]
[BlackTitle "FM"]
[WhiteElo "2492"]
[BlackElo "2245"]
[WhiteFideId "400084"]
[BlackFideId "403091"]
[EventDate "2016.12.17"]

1. d4 d5 2. Nf3 Nf6 3. c4 c6 4. e3 Bf5 5. Nc3 e6 6. Nh4 Be4 7. f3 Bg6 8. Qb3 Qc7
9. Bd2 Be7 10. Nxg6 hxg6 11. O-O-O Nbd7 12. cxd5 Nxd5 13. Kb1 O-O-O 14. Rc1 Kb8
15. g3 Nxc3+ 16. Bxc3 Bf6 17. f4 g5 18. Bg2 gxf4 19. gxf4 Rh5 20. a4 Rdh8 21. h3
Qb6 22. Qa3 a5 23. e4 Re8 24. Ka2 Be7 25. Qb3 Qxb3+ 26. Kxb3 Bd6 27. Rcf1 Bc7
28. h4 Reh8 29. Be1 Rd8 30. Bf3 Rhh8 31. e5 Nb6 32. Bc3 Nd5 33. Bxd5 cxd5 34. f5
Kc8 35. h5 Kd7 36. f6 Rdg8 37. fxg7 Rxg7 38. h6 Rgh7 39. Bd2 Rg8 40. Rfg1 Rhh8
41. Rg7 Ke8 42. Rc1 Bd8 43. Rc8 Kd7 44. Rb8 Rxg7 45. hxg7 Rg8 46. Rxb7+ Ke8 47.
Rb8 Kd7 48. Bxa5 1-0

[Event "London Classic Superrapid"]
[Site "London ENG"]
[Date "2016.12.18"]
[Round "9.23"]
[White "Karthikeyan, Murali"]
[Black "Gordon, Stephen J"]
[Result "1-0"]
[WhiteTitle "GM"]
[BlackTitle "GM"]
[WhiteElo "2530"]
[BlackElo "2510"]
[WhiteFideId "5074452"]
[BlackFideId "411477"]
[EventDate "2016.12.17"]

1. e4 c5 2. Nf3 d6 3. d4 cxd4 4. Nxd4 Nf6 5. Nc3 a6 6. Bc4 e6 7. O-O Be7 8. a4
O-O 9. Kh1 Nc6 10. Ba2 Bd7 11. f4 Qc7 12. f5 Nxd4 13. Qxd4 b5 14. Bg5 Rab8 15.
axb5 axb5 16. Bb3 h6 17. Bh4 b4 18. fxe6 fxe6 19. Ne2 Kh7 20. Qe3 g5 21. e5 gxh4
22. exf6 Bxf6 23. Ra7 Rb7 24. Qe4+ 1-0

[Event "London Classic Superrapid"]
[Site "London ENG"]
[Date "2016.12.18"]
[Round "10.1"]
[White "Gunina, Valentina"]
[Black "McShane, Luke J"]
[Result "1-0"]
[WhiteTitle "GM"]
[BlackTitle "GM"]
[WhiteElo "2525"]
[BlackElo "2652"]
[WhiteFideId "4167570"]
[BlackFideId "404853"]
[EventDate "2016.12.17"]

1. d4 Nf6 2. c4 g6 3. Nc3 Bg7 4. e4 d6 5. Nf3 O-O 6. Be2 c5 7. O-O Re8 8. Bg5
cxd4 9. Nxd4 Nc6 10. Nc2 b6 11. Qd2 Bb7 12. f3 Rc8 13. Rac1 Ne5 14. b3 Ned7 15.
Rfd1 a6 16. Nd4 Qc7 17. Bf1 Qb8 18. Bh6 Bh8 19. Nd5 e6 20. Nc3 Rcd8 21. Qg5 d5
22. cxd5 exd5 23. exd5 Re5 24. Qg3 Nxd5 25. Ne4 b5 26. Nc6 Bxc6 27. Rxc6 Ne7 28.
Rxa6 Nf5 29. Qh3 Nc5 30. Rxd8+ Qxd8 31. Rc6 Nxe4 32. fxe4 Rxe4 33. Qd3 Rd4 34.
Qc2 Rd1 35. Qxd1 Bd4+ 36. Kh1 Nxh6 37. Bxb5 Qh4 38. Rc8+ Kg7 39. Bd7 Be5 40. Qg1
f5 41. Rc4 Ng4 42. g3 Qe7 43. Bc6 Bf6 44. Bf3 Ne5 45. Rc3 Qd6 46. Qd1 Qb6 47.
Qc1 g5 48. Rc7+ Kg6 49. Bc6 Qf2 50. Qd1 Ng4 51. Be8+ Kh6 52. Rc2 Bd4 53. h3 Qxg3
54. hxg4 Bf2 55. Rxf2 Qxf2 56. Qd6+ Kg7 57. Qe7+ Kg8 58. Qf7+ Kh8 59. Qf8# 1-0

[Event "London Classic Superrapid"]
[Site "London ENG"]
[Date "2016.12.18"]
[Round "10.2"]
[White "Cornette, Matthieu"]
[Black "Bacrot, Etienne"]
[Result "1/2-1/2"]
[WhiteTitle "GM"]
[BlackTitle "GM"]
[WhiteElo "2597"]
[BlackElo "2689"]
[WhiteFideId "620084"]
[BlackFideId "605506"]
[EventDate "2016.12.17"]

1. e4 e5 2. Nf3 Nc6 3. Bc4 Bc5 4. O-O Nf6 5. d3 d6 6. c3 a6 7. a4 Ba7 8. Na3 h6
9. Nc2 O-O 10. Be3 Bxe3 11. Nxe3 Ne7 12. Qc2 c6 13. d4 exd4 14. Nxd4 Bd7 15. a5
c5 16. Nb3 b5 17. axb6 Qxb6 18. Rfd1 Rfd8 19. Nd2 Bc6 20. Bf1 a5 21. g3 d5 22.
exd5 Nexd5 23. Nec4 Qc7 24. Nb3 a4 25. Nbd2 Nb6 26. Ne3 a3 27. b3 Qe5 28. Bg2
Bxg2 29. Kxg2 Nbd5 30. Nxd5 Rxd5 31. Nc4 Rxd1 32. Qxd1 Qxc3 33. Rxa3 Re8 34. Qf3
Qd4 35. Ra8 Rxa8 36. Qxa8+ Kh7 37. Qf3 Kg8 38. Qa8+ Kh7 39. Qf3 g6 40. Qe3 Qd5+
41. Qf3 Qe6 42. Qe3 Qd5+ 43. Qf3 Ne4 44. Nd2 f5 45. Nxe4 fxe4 46. Qe3 Kg7 47. f3
exf3+ 48. Qxf3 Qd2+ 49. Qf2 Qd6 50. Qf3 g5 51. h4 Qd2+ 52. Kh3 Qd7+ 53. Kg2 Qd2+
54. Kh3 Qd7+ 55. Kg2 Qd4 56. hxg5 hxg5 57. Qf5 g4 58. Qg5+ Kf7 59. Qf4+ Qxf4 60.
gxf4 Kg6 61. Kf2 Kf6 62. Kg2 Ke6 63. Kf2 1/2-1/2

[Event "London Classic Superrapid"]
[Site "London ENG"]
[Date "2016.12.18"]
[Round "10.3"]
[White "Fressinet, Laurent"]
[Black "Moussard, Jules"]
[Result "1/2-1/2"]
[WhiteTitle "GM"]
[BlackTitle "GM"]
[WhiteElo "2672"]
[BlackElo "2571"]
[WhiteFideId "608742"]
[BlackFideId "642908"]
[EventDate "2016.12.17"]

1. e4 g6 2. d4 Bg7 3. Nc3 c6 4. Nf3 d5 5. h3 Nf6 6. e5 Nfd7 7. Ne2 e6 8. Nf4 c5
9. c3 b6 10. h4 h6 11. Be3 a5 12. a4 Ba6 13. Bb5 Qe7 14. Qd2 Bb7 15. Kf1 Nc6 16.
Rc1 c4 17. b3 cxb3 18. Qb2 Na7 19. Bd3 O-O-O 20. Qxb3 Kb8 21. Ra1 Rc8 22. Bc1
Bf8 23. Ba3 Qe8 24. Ke2 Rc7 25. Rhc1 Qc8 26. Rab1 1/2-1/2

[Event "London Classic Superrapid"]
[Site "London ENG"]
[Date "2016.12.18"]
[Round "10.4"]
[White "Hawkins, Jonathan"]
[Black "Safarli, Eltaj"]
[Result "0-1"]
[WhiteTitle "GM"]
[BlackTitle "GM"]
[WhiteElo "2590"]
[BlackElo "2691"]
[WhiteFideId "412686"]
[BlackFideId "13402129"]
[EventDate "2016.12.17"]

1. d4 Nf6 2. c4 g6 3. Nc3 d5 4. Nf3 Bg7 5. Qb3 dxc4 6. Qxc4 O-O 7. e4 Be6 8. Qe2
c5 9. d5 Bg4 10. Bf4 Nbd7 11. Qd2 a6 12. Be2 b5 13. Qc2 c4 14. O-O Nc5 15. Be3
Rc8 16. Bxc5 Rxc5 17. Ne5 Bxe2 18. Qxe2 Qc7 19. Nc6 e6 20. Nb4 Qb6 21. Rfd1 Re8
22. Qe3 Ng4 23. Qf4 Ne5 24. dxe6 fxe6 25. Qe3 Rec8 26. Rab1 a5 27. Nc2 Nd3 28.
Ne1 Nxe1 29. Rxe1 Qc6 30. f4 b4 31. Ne2 Rd8 32. e5 Rd3 33. Qf2 Rcd5 34. Kh1 Rd2
35. Qf3 Rc5 36. Qh3 h5 37. Ng3 Rcd5 38. Ne4 Rc2 39. Qf3 Qd7 40. Qg3 Kh7 41. Qg5
Qf7 42. Rf1 Qf5 43. Rfe1 Kg8 44. Qe7 Qf7 45. Qg5 Qf5 46. Qe7 Qf7 47. Qg5 Kh7 48.
Kg1 Rd4 49. Re3 Qf5 50. Qxf5 exf5 51. Ng5+ Kg8 52. e6 Rd8 53. e7 Re8 54. Rd1 Bf6
55. Rd8 Rxd8 56. exd8=Q+ Bxd8 57. Re8+ Kg7 58. Rxd8 Rxb2 59. Rc8 c3 60. Rc7+ Kf8
61. Ne6+ Kg8 62. a3 c2 0-1

[Event "London Classic Superrapid"]
[Site "London ENG"]
[Date "2016.12.18"]
[Round "10.5"]
[White "Melkumyan, Hrant"]
[Black "Svane, Rasmus"]
[Result "0-1"]
[WhiteTitle "GM"]
[BlackTitle "GM"]
[WhiteElo "2633"]
[BlackElo "2555"]
[WhiteFideId "13302485"]
[BlackFideId "4657101"]
[EventDate "2016.12.17"]

1. Nf3 d5 2. d4 Nf6 3. Bf4 c5 4. e3 Nc6 5. Nbd2 cxd4 6. exd4 Bf5 7. c3 e6 8. Qb3
Qc8 9. Nh4 Be4 10. Nxe4 Nxe4 11. Nf3 Bd6 12. Bxd6 Nxd6 13. Bd3 h6 14. O-O O-O
15. Rae1 Qc7 16. Bb1 Rfc8 17. Qc2 Ne4 18. Qd3 Na5 19. Ne5 Nf6 20. f4 Nc4 21. Re2
b5 22. f5 Ne4 23. fxe6 Nxe5 24. dxe5 Qb6+ 25. Kh1 Qxe6 26. Rxe4 dxe4 27. Qxe4 g6
28. Rf6 Qe7 29. h4 Re8 30. Qd5 Rad8 31. Qb3 Kh8 32. Rf1 Qxh4+ 33. Kg1 Rxe5 34.
Qxf7 Re1 35. Bxg6 Rxf1+ 36. Qxf1 Qg5 37. Be4 Kg7 38. Bf3 Re8 39. Qf2 Qc1+ 40.
Kh2 Qf4+ 41. Kh1 Re7 42. a3 Qe5 43. Kg1 Qe1+ 44. Qxe1 Rxe1+ 45. Kh2 Rb1 46. b4
Rb3 47. Be2 Rxc3 48. Bxb5 Rxa3 49. Bc6 Kf6 50. g3 Rb3 51. b5 Rc3 52. Bb7 Rc5 53.
Ba6 Kg5 54. Kh3 h5 0-1

[Event "London Classic Superrapid"]
[Site "London ENG"]
[Date "2016.12.18"]
[Round "10.6"]
[White "Speelman, Jon S"]
[Black "Howell, David W L"]
[Result "0-1"]
[WhiteTitle "GM"]
[BlackTitle "GM"]
[WhiteElo "2526"]
[BlackElo "2644"]
[WhiteFideId "400033"]
[BlackFideId "410608"]
[EventDate "2016.12.17"]

1. d4 Nf6 2. Nf3 g6 3. Bg5 Bg7 4. Nbd2 O-O 5. c3 d6 6. e3 h6 7. Bh4 c5 8. Bd3
cxd4 9. exd4 Nh5 10. O-O Nf4 11. Bc2 Nc6 12. Re1 Qc7 13. Nf1 e5 14. Bg3 Nh5 15.
Ne3 Nxg3 16. hxg3 exd4 17. cxd4 Qb6 18. Nc4 Qd8 19. d5 Na5 20. Nfd2 Nxc4 21.
Nxc4 b5 22. Nd2 Bb7 23. Ne4 Rc8 24. Rb1 Re8 25. Bb3 a5 26. a4 b4 27. Qd3 Rc7 28.
g4 Rce7 29. Re3 Bc8 30. Bd1 h5 31. gxh5 Rxe4 32. Rxe4 Rxe4 0-1

[Event "London Classic Superrapid"]
[Site "London ENG"]
[Date "2016.12.18"]
[Round "10.7"]
[White "Williams, Simon K"]
[Black "Istratescu, Andrei"]
[Result "0-1"]
[WhiteTitle "GM"]
[BlackTitle "GM"]
[WhiteElo "2443"]
[BlackElo "2596"]
[WhiteFideId "404454"]
[BlackFideId "1200372"]
[EventDate "2016.12.17"]

1. d4 Nf6 2. c4 e6 3. Nf3 d5 4. Nc3 Bb4 5. cxd5 exd5 6. Bg5 Nbd7 7. e3 c5 8. Qc2
c4 9. Be2 Qa5 10. Nd2 O-O 11. O-O Re8 12. Rfe1 Bxc3 13. bxc3 Ne4 14. Nxe4 dxe4
15. Bf4 Nb6 16. Bc7 Qa6 17. Bxb6 axb6 18. d5 b5 19. Red1 Bd7 20. Rd4 f5 21. a4
Qd6 22. Qb2 Rxa4 23. Rxa4 bxa4 24. Bxc4 b5 25. Ba2 Rc8 26. Rb4 Qe5 27. Rd4 Qd6
28. Rb4 Qc5 29. c4 f4 30. Qd2 f3 31. g3 Qd6 32. h4 Qe5 33. Qc1 Qxd5 34. Qf1 Qf7
35. Rb2 bxc4 36. Rb7 Qd5 37. Rb4 Be6 38. Rxa4 Kh8 39. Qa1 Qd7 40. Ra6 Bg8 41.
Kh2 Qd2 42. Kg1 c3 43. Ra7 Bxa2 44. h5 h6 0-1

[Event "London Classic Superrapid"]
[Site "London ENG"]
[Date "2016.12.18"]
[Round "10.8"]
[White "Turner, Matthew J"]
[Black "Jones, Gawain C B"]
[Result "0-1"]
[WhiteTitle "GM"]
[BlackTitle "GM"]
[WhiteElo "2523"]
[BlackElo "2667"]
[WhiteFideId "402893"]
[BlackFideId "409561"]
[EventDate "2016.12.17"]

1. d4 Nf6 2. Nf3 g6 3. g3 Bg7 4. Bg2 O-O 5. c4 d6 6. d5 Na6 7. O-O Nc5 8. Be3 e6
9. dxe6 Bxe6 10. Qc1 Qc8 11. Bd4 Re8 12. b3 Bh3 13. Qb2 Nce4 14. Nc3 Bxg2 15.
Kxg2 Qf5 16. Nd5 Nxd5 17. Bxg7 Ndf6 18. Bxf6 Nxf6 19. Rad1 a5 20. Rd4 Ne4 21.
Rd5 Qf6 22. Qxf6 Nxf6 23. Rd2 a4 24. Nd4 Ne4 25. Rc2 axb3 26. axb3 Re5 27. Rd1
Ra3 28. Nb5 Rxb3 29. Nxc7 Kg7 30. Nb5 d5 31. Nd4 Rc3 32. Rdc1 Rxc2 33. Rxc2 dxc4
34. Rxc4 Kf6 35. Rb4 Nd6 36. e3 Ke7 37. g4 h5 38. h3 Kd7 39. Kf3 b5 40. Rb1 Rc5
41. Ra1 hxg4+ 42. hxg4 Rc7 43. Kf4 b4 44. Ke5 Rb7 45. Nb3 Ke7 46. Nc5 Rc7 47.
Kd5 Nb5 48. f3 Nc3+ 49. Kc4 Rxc5+ 50. Kxc5 b3 51. Ra7+ Kf8 52. Rb7 b2 53. Kd4
b1=Q 54. Rxb1 Nxb1 55. f4 Ke7 56. e4 Nd2 57. Ke3 Nc4+ 58. Kd4 Nd2 59. Ke3 Nb3
60. e5 Ke6 61. Ke4 f5+ 62. exf6 Kxf6 63. Kd5 Nd2 64. Kd4 Nf3+ 65. Ke4 Nh2 66.
g5+ Ke6 67. Kd3 Kf5 68. Ke3 Nf1+ 69. Kf3 Nd2+ 70. Ke3 Nb3 0-1

[Event "London Classic Superrapid"]
[Site "London ENG"]
[Date "2016.12.18"]
[Round "10.9"]
[White "Gupta, Abhijeet"]
[Black "Fodor, Tamas Jr."]
[Result "0-1"]
[WhiteTitle "GM"]
[BlackTitle "GM"]
[WhiteElo "2634"]
[BlackElo "2494"]
[WhiteFideId "5010608"]
[BlackFideId "723762"]
[EventDate "2016.12.17"]

1. d4 d5 2. c4 e6 3. Nc3 c6 4. Nf3 dxc4 5. g3 b5 6. a4 b4 7. Ne4 a5 8. Bg2 Nd7
9. O-O Ba6 10. Ne5 Rc8 11. Bf4 f6 12. Nxd7 Qxd7 13. Qc1 Kf7 14. Rd1 g5 15. Bxg5
fxg5 16. Nxg5+ Ke8 17. Qe3 Bh6 18. Qe5 Bxg5 19. Qxh8 Kf8 20. Qe5 Bd8 21. Bh3 Kf7
22. Qh5+ Kg7 23. Qe5+ Kf7 24. e4 Nf6 25. d5 cxd5 26. exd5 Nxd5 27. Re1 Rc6 28.
Rad1 Bf6 29. Qh5+ Kg7 30. Re4 Qf7 31. Qg4+ Kh8 32. Rde1 c3 33. bxc3 bxc3 34.
Rxe6 Rxe6 35. Rxe6 Bc8 36. Qe4 Bxe6 37. Bxe6 Qc7 38. Bf5 Qe5 39. Qg4 Be7 40. Bd3
Nf6 41. Qc8+ Kg7 42. h4 Bc5 43. Qb7+ Kh6 44. Qf3 Nd5 45. g4 Kg7 46. Bf5 Qf4 47.
Qe2 h5 48. Kf1 Ne3+ 0-1

[Event "London Classic Superrapid"]
[Site "London ENG"]
[Date "2016.12.18"]
[Round "10.10"]
[White "Blomqvist, Erik"]
[Black "Ehlvest, Jaan"]
[Result "1-0"]
[WhiteTitle "GM"]
[BlackTitle "GM"]
[WhiteElo "2567"]
[BlackElo "2532"]
[WhiteFideId "1709437"]
[BlackFideId "4500016"]
[EventDate "2016.12.17"]

1. e4 c5 2. Nf3 Nc6 3. Bb5 Nd4 4. Nxd4 cxd4 5. c3 a6 6. Bd3 e5 7. cxd4 exd4 8.
O-O Ne7 9. Bc4 Nc6 10. d3 Be7 11. f4 d6 12. Nd2 O-O 13. Nf3 Be6 14. Bxe6 fxe6
15. Qb3 d5 16. Bd2 Qd7 17. Rae1 Rad8 18. exd5 Qxd5 19. Rxe6 Qxb3 20. axb3 Bb4
21. g3 Bxd2 22. Nxd2 Nb4 23. Rb6 Nxd3 24. Nc4 Rf7 25. b4 Re7 26. Rd1 Ne1 27. b5
d3 28. Ne5 Rc7 29. bxa6 bxa6 30. Kf1 Nc2 31. Rxd3 Rxd3 32. Rb8+ 1-0

[Event "London Classic Superrapid"]
[Site "London ENG"]
[Date "2016.12.18"]
[Round "10.11"]
[White "Nunn, John D M"]
[Black "Pert, Richard G"]
[Result "1/2-1/2"]
[WhiteTitle "GM"]
[BlackTitle "IM"]
[WhiteElo "2600"]
[BlackElo "2423"]
[WhiteFideId "400017"]
[BlackFideId "404748"]
[EventDate "2016.12.17"]

1. e4 e6 2. d4 d5 3. Nc3 Nf6 4. e5 Nfd7 5. f4 c5 6. Nf3 Nc6 7. Be3 Be7 8. Qd2
O-O 9. g3 b6 10. Bg2 Ba6 11. Ne2 f6 12. exf6 Nxf6 13. O-O Ne4 14. Qd1 cxd4 15.
Nfxd4 Bc5 16. c3 Qf6 17. Rf3 Bxe2 18. Nxe2 Ne5 19. Bxc5 Nxf3+ 20. Bxf3 bxc5 21.
Qd3 Rab8 22. b3 Qg6 23. Rd1 Rbd8 24. Qe3 h5 25. Kg2 Qf5 26. h3 Qg6 27. c4 Rfe8
28. Kh2 Nf6 29. cxd5 exd5 30. Qxc5 Rc8 31. Qd4 Rc2 32. Rd2 Kh8 33. Kg2 Rec8 34.
Rxc2 Rxc2 35. Qxa7 Qd3 36. Qb8+ Kh7 37. Qe5 Rxa2 38. g4 Ra8 39. g5 Re8 40. Qb2
Ne4 41. Bxh5 g6 42. Bg4 Nd2 43. Qf6 Rxe2+ 44. Bxe2 Qxe2+ 45. Kh1 Qe1+ 46. Kg2
Qf1+ 47. Kh2 Qe2+ 48. Kh1 Qe4+ 49. Kh2 Qe2+ 50. Kh1 Qf3+ 51. Kh2 Qf2+ 52. Kh1
Qe1+ 53. Kg2 Qe2+ 54. Kh1 Qe4+ 55. Kh2 Qe2+ 56. Kh1 Qf1+ 57. Kh2 Qf2+ 58. Kh1
Qf3+ 59. Kh2 Qe2+ 1/2-1/2

[Event "London Classic Superrapid"]
[Site "London ENG"]
[Date "2016.12.18"]
[Round "10.12"]
[White "Cherniaev, Alexander"]
[Black "Shabalov, Alexander"]
[Result "0-1"]
[WhiteTitle "GM"]
[BlackTitle "GM"]
[WhiteElo "2439"]
[BlackElo "2563"]
[WhiteFideId "4117301"]
[BlackFideId "2008572"]
[EventDate "2016.12.17"]

1. g3 d5 2. Nf3 Bg4 3. Bg2 Nd7 4. d4 e6 5. c4 c6 6. Nc3 dxc4 7. O-O Ngf6 8. h3
Bh5 9. Bg5 Be7 10. Bxf6 Bxf6 11. Ne4 O-O 12. Rc1 Bxf3 13. Bxf3 Nb6 14. e3 e5 15.
dxe5 Bxe5 16. Qc2 Qd7 17. Kg2 Rad8 18. Rfd1 Qe7 19. Nd2 Qf6 20. Ne4 Qg6 21. Nd2
Qxc2 22. Rxc2 Bxb2 23. Nxc4 Nxc4 24. Rxc4 Rxd1 25. Bxd1 Rd8 26. Bb3 Rd7 27. Rc2
Ba3 28. Kf1 Kf8 29. Ke2 Bb4 30. f4 a6 31. e4 Ke7 32. a4 f6 33. Bc4 Rd4 34. Bd3
Bd6 35. Rb2 Bb4 36. Ke3 c5 37. Rc2 Rd6 38. e5 fxe5 39. fxe5 Rd5 40. Be4 Rd7 41.
Bxh7 Ke6 42. Bd3 0-1

[Event "London Classic Superrapid"]
[Site "London ENG"]
[Date "2016.12.18"]
[Round "10.13"]
[White "Smirin, Ilia"]
[Black "Deepan, Chakkravarthy J."]
[Result "1-0"]
[WhiteTitle "GM"]
[BlackTitle "GM"]
[WhiteElo "2669"]
[BlackElo "2471"]
[WhiteFideId "2801990"]
[BlackFideId "5011132"]
[EventDate "2016.12.17"]

1. e4 e5 2. Nf3 Nc6 3. Bb5 Nf6 4. d3 Bc5 5. Nbd2 d6 6. c3 O-O 7. O-O a6 8. Bxc6
bxc6 9. Nc4 Be6 10. Qa4 h6 11. Be3 Bxe3 12. fxe3 Nd7 13. Qxc6 Nc5 14. Nfxe5 a5
15. d4 Na6 16. d5 1-0

[Event "London Classic Superrapid"]
[Site "London ENG"]
[Date "2016.12.18"]
[Round "10.14"]
[White "Iturrizaga Bonelli, Eduardo"]
[Black "Mortazavi, Ali"]
[Result "0-1"]
[WhiteTitle "GM"]
[BlackTitle "IM"]
[WhiteElo "2652"]
[BlackElo "2353"]
[WhiteFideId "3901211"]
[BlackFideId "401323"]
[EventDate "2016.12.17"]

1. Nf3 Nf6 2. c4 g6 3. Nc3 Bg7 4. g3 O-O 5. Bg2 d6 6. d4 c6 7. O-O Bf5 8. Nh4
Be6 9. d5 Bc8 10. e4 Na6 11. h3 e5 12. Be3 cxd5 13. cxd5 Bd7 14. Nf3 Ne8 15. Ne1
f5 16. Nd3 Kh8 17. f4 b6 18. Qd2 Rc8 19. Rae1 Nc5 20. Nxc5 bxc5 21. exf5 gxf5
22. fxe5 dxe5 23. Bg5 Qa5 24. Be7 Rg8 25. d6 e4 26. Nxe4 Qxd2 27. Nxd2 Bxb2 28.
Nc4 Bd4+ 29. Kh2 Rb8 30. Ne5 Bxe5 31. Rxe5 Rb2 32. Rxc5 Rd2 33. a4 Rg6 34. Rd5
Rxd5 35. Bxd5 Nxd6 36. a5 Kg7 37. Rc1 Nb5 38. Bc5 Bc6 39. Bxc6 0-1

[Event "London Classic Superrapid"]
[Site "London ENG"]
[Date "2016.12.18"]
[Round "10.15"]
[White "Lenderman, Aleksandr"]
[Black "Tate, Alan"]
[Result "1-0"]
[WhiteTitle "GM"]
[BlackTitle "FM"]
[WhiteElo "2581"]
[BlackElo "2309"]
[WhiteFideId "2021285"]
[BlackFideId "2401878"]
[EventDate "2016.12.17"]

1. b3 e5 2. Bb2 Nc6 3. e3 Nf6 4. c4 d5 5. cxd5 Nxd5 6. Bb5 Bd6 7. Nf3 O-O 8. d3
Qe7 9. O-O Bd7 10. Nbd2 Kh8 11. Nc4 f6 12. Rc1 a5 13. Nfd2 Ndb4 14. Nxd6 cxd6
15. a3 Nd5 16. Nc4 Nc7 17. Bxc6 Bxc6 18. a4 d5 19. Ba3 Qe6 20. Nb6 Rae8 21. Bxf8
Rxf8 22. Qd2 f5 23. d4 f4 24. exf4 e4 25. Qxa5 Qg4 26. f3 exf3 27. Rxf3 Ne6 28.
Qd2 Nxf4 29. Re1 h6 30. b4 Rf6 31. b5 Nxg2 32. Qxg2 Qxd4+ 33. Kh1 1-0

[Event "London Classic Superrapid"]
[Site "London ENG"]
[Date "2016.12.18"]
[Round "10.16"]
[White "Hovhannisyan, Robert"]
[Black "Schroeder, Jan-Christian"]
[Result "1-0"]
[WhiteTitle "GM"]
[BlackTitle "GM"]
[WhiteElo "2630"]
[BlackElo "2541"]
[WhiteFideId "13302507"]
[BlackFideId "24662259"]
[EventDate "2016.12.17"]

1. e4 e5 2. Nf3 Nc6 3. Bb5 Nf6 4. O-O Nxe4 5. Re1 Nd6 6. Bf1 Be7 7. Nxe5 Nxe5 8.
Rxe5 O-O 9. d4 Bf6 10. Bd3 Bxe5 11. dxe5 Ne8 12. Nc3 d6 13. Qh5 g6 14. Qh6 dxe5
15. Bg5 Qd4 16. Be7 Ng7 17. Ne4 1-0